Welcome to the Holygrace Academy Library

Please use search bar below to get started

ANIMAL WORLD (Record no. 6294)

MARC details
000 -LEADER
fixed length control field 00240nam a22001097a 4500
082 ## - DEWEY DECIMAL CLASSIFICATION NUMBER
Classification number 001
Item number DAV/A
100 ## - MAIN ENTRY--AUTHOR NAME
Personal name DAVIS, ANNIE
245 ## - TITLE STATEMENT
Title ANIMAL WORLD
260 ## - PUBLICATION, DISTRIBUTION, ETC. (IMPRINT)
Place of publication BANGLORE
Name of publisher VASAN PUBLICATION
650 ## - SUBJECT ADDED ENTRY--TOPICAL TERM
Topical Term STERILING GK
Geographic subdivision BANGLORE
942 ## - ADDED ENTRY ELEMENTS (KOHA)
Koha item type Books
Holdings
Withdrawn status Lost status Collection code Home library Current library Shelving location Date acquired Source of acquisition Full call number Accession Number Koha item type
    G.K Main Library Main Library SHELF-17E-SCIENCE RELATED BOOKS 11/02/2003 PURCHASE 001 DAV/A 00969 Books
    G.K Main Library Main Library SHELF-17E-SCIENCE RELATED BOOKS 11/02/2003 PURCHASE 001 DAV/A 00968 Books